Giáo dục giới tính dành cho tuổi vị thành niên

محفوظ في:
التفاصيل البيبلوغرافية
المؤلف الرئيسي: Đào, Xuân Dũng
التنسيق: كتاب
منشور في: Tp. Hồ Chí Minh Tp. Hồ Chí Minh 2012
الوسوم: إضافة وسم
لا توجد وسوم, كن أول من يضع وسما على هذه التسجيلة!
Thư viện lưu trữ: Trung tâm Học liệu Lê Vũ Hùng, Trường Đại học Đồng Tháp
LEADER 00573aam a22001578a 4500
001 00038123
005 20190420170451.0
008 170515s2012 ||||||Viesd
041 0 # |a Vie 
082 1 4 |a 613.9  |b GI108D 
100 1 # |a Đào, Xuân Dũng 
245 1 0 |a Giáo dục giới tính dành cho tuổi vị thành niên  |c Đào Xuân Dũng 
260 # # |a Tp. Hồ Chí Minh  |b Tp. Hồ Chí Minh  |c 2012 
300 # # |a 204tr.  |c 21 cm 
910 # # |d 15/05/2017  |e dtchanh  |f 20/04/2019 
980 # # |a Trung tâm Học liệu Lê Vũ Hùng, Trường Đại học Đồng Tháp